| 000 | 00385nam a2200157Ia 4500 | ||
|---|---|---|---|
| 008 | 240729s9999 xx 000 0 und d | ||
| 022 | _a2304-6767 | ||
| 245 | 0 | _aDentistry Journal | |
| 260 | _aSwitzerland | ||
| 260 | _bMDPI AG | ||
| 650 | _a Dentistry | ||
| 650 | _aMedicine | ||
| 856 | _uhttps://doaj.org/toc/3427117afe284f43ab9aeacaca8c748c | ||
| 942 | _2ddc | ||
| 942 | _cDOAJEJ | ||
| 999 |
_c67584 _d67584 |
||
| 945 |
_a1 _bMadushi Gamage _c1 _dMadushi Gamage |
||